Comparative education / (Record no. 575)

MARC details
000 -LEADER
fixed length control field 00570nam a2200217 4500
003 - CONTROL NUMBER IDENTIFIER
control field OSt
005 - DATE AND TIME OF LATEST TRANSACTION
control field 20141022170225.0
008 - FIXED-LENGTH DATA ELEMENTS--GENERAL INFORMATION
fixed length control field 141022b xxu||||| |||| 00| 0 eng d
020 ## - INTERNATIONAL STANDARD BOOK NUMBER
International Standard Book Number 0706986040
040 ## - CATALOGING SOURCE
Transcribing agency 040a
082 ## - DEWEY DECIMAL CLASSIFICATION NUMBER
Edition number 21
Classification number 370.9
Item number CHA 1993
100 ## - MAIN ENTRY--PERSONAL NAME
Personal name Chaube, S P
9 (RLIN) 1482
245 ## - TITLE STATEMENT
Title Comparative education /
Statement of responsibility, etc. S.P Chaube, A Chaube
250 ## - EDITION STATEMENT
Edition statement 2nd.ed
260 ## - PUBLICATION, DISTRIBUTION, ETC. (IMPRINT)
Place of publication, distribution, etc. New Dehli
Name of publisher, distributor, etc. Vikas publishing house
Date of publication, distribution, etc. 1993
300 ## - PHYSICAL DESCRIPTION
Extent xi, 604p;
Other physical details ill :
Dimensions 8 cm.
504 ## - BIBLIOGRAPHY, ETC. NOTE
Bibliography, etc includes index
650 ## - SUBJECT ADDED ENTRY--TOPICAL TERM
Topical term or geographic name as entry element Education
9 (RLIN) 1404
700 ## - ADDED ENTRY--PERSONAL NAME
Personal name Chaube, A
9 (RLIN) 1483
942 ## - ADDED ENTRY ELEMENTS (KOHA)
Source of classification or shelving scheme Dewey Decimal Classification
Koha item type Short Loan
Holdings
Withdrawn status Lost status Source of classification or shelving scheme Damaged status Not for loan Home library Current library Date acquired Inventory number Total Checkouts Full call number Barcode Date last seen Price effective from Koha item type
    Dewey Decimal Classification     MUST Main Library MUST Main Library 22/10/2014 2014/38191   370.9 CHA 1993 2014-3101 22/10/2014 22/10/2014 Short Loan
    Dewey Decimal Classification     MUST Main Library MUST Main Library 22/10/2014 2014/38189   370.9 CHA 1993 2014-3102 22/10/2014 22/10/2014 Short Loan